01045cam a22002534a 4500001000500000005001700005020002200022020001800044040002500062050001500087082001300102100001700115245009000132246002000222260003400242300005600276500010900332505000700441520023900448521001900687521001900706650003100725700003500756133020251216094925.0 a0439801087 (pbk.) a9780439801089 aDLCcDLCbengdFISKH aQC931.C37  a551.518 1 aCapeci, Anne14aThe magic school bus rides the wind /cAnne Capeci ; illustrated by Carolyn Bracken.30aRides the wind. aNew York :bScholastic,c2006 a32 unnumbered pages :bcolor illustrations ;c23 cm a"Based on The Magic School Bus books written by Joanna Cole and illustrated by Bruce Degen"--T.p. verso. aJ  aMs. Frizzle and her class climb aboard the Magic Bus and follow a kite that has broken free on a windy day, and during the chase they learn about sailboats, weather balloons, windmills, and other things which use energy from the wind. a480 bLexile  aJ bRaz-Plus  0aWindsvJuvenile literature1 aBracken, Carolyn,eillustrator